| 000 | 00000cam 2200000za 4500 |
| 001 | 9.695989 |
| 003 | CaOODSP |
| 005 | 20260511143956 |
| 007 | cr ||||||||||| |
| 008 | 150407s2000||||xxc|||||o f|0| 0 eng d |
| 040 | |aCaOODSP|beng |
| 043 | |an-cn--- |
| 086 | 1 |aNE23-87/2000E-PDF |
| 110 | 1 |aCanada. |bNational Energy Board. |
| 245 | 10|aAnalysis of horizontal gas well performance in British Columbia / |h[electronic resource]|c[prepared by] National Energy Board, the Oil and Gas Commission of British Columbia and the British Columbia Ministry of Energy and Mines. |
| 260 | |aCalgary - Alberta : |bNational Energy Board |cOctober 2000. |
| 300 | |a36p.|bfig., glossary, graphs, map, tables |
| 500 | |a"Joint technical report". The catalogue number (NE23-87/2000E) and ISBN (0-662-28977-3) for the print edition have been incorrectly copied in this electronic publication. |
| 520 | 3 |aThis report, provides an overview of the use of horizontal well technology for gas production in Northeast British Columbia from 1988 to 1998. It is intended for use by a technical audience and seeks to outline, as concisely as possible, the current state of horizontal technology development, the current status of technology application, and the probable impacts of the technology.--Foreword |
| 590 | |a12-21-Supp|b2012-05-18 |
| 690 | 07|aDrilling|2gcpds |
| 690 | 07|aPetroleum industry|2gcpds |
| 690 | 07|aNatural gas|2gcpds |
| 710 | 2 |aOil and Gas Commission of British Columbia. |
| 710 | 1 |aBritish Columbia. |bMinistry of Energy and Mines. |
| 775 | 08|tAnalyse du rendement des puits de gaz horizontaux de la Colombie-Britannique / |w(CaOODSP)9.640106 |
| 776 | 0#|tAnalysis of horizontal gas well performance in British Columbia |w(CaOODSP)9.647743 |
| 856 | 40|ahttp://publications.gc.ca|qPDF|s909 KB|uhttps://publications.gc.ca/collections/Collection/NE23-87-2000E.pdf |